000 01295nam a22003377a 4500
003 CHAP
005 20220329140435.0
008 971013s1985 r 00010 d
010 _a51981
011 _a52953
035 _a57103
040 _cCHAP
090 _aTesis
100 0 0 _aSánchez Cohen, Ignacio.
_9107429
245 _aObtención de un modelo matemático para la optimización de la relación área de siembra área de escurrimiento en el principio de cosecha de agua de lluvia "in situ"
260 _a(Monterrey, N.L.) :
_bEl autor,
_c1985
300 _a85 h.
_b; apénd. : ilus. ; mapas
502 _aTesis (M.C. Esp. en Planeación y Aprovechamiento de lo0s Recursos Agua-Suelo) -- ITESM. Div. de Ciencias Agropecuarias y Marítimas
590 _aALEPH
_b10
_c20130110
_lUCH01
_h1328
590 _aBATCH-UPD
_b10
_c20130110
_lUCH01
_h0355
590 _aBATCH-UPD
_b10
_c20130110
_lUCH01
_h2013
590 _aBATCH-UPD
_b10
_c20130410
_lUCH01
_h0028
590 _aBATCH-UPD
_b10
_c20130914
_lUCH01
_h0310
590 _aCONVERSION
_b10
_c20130109
_lUCH01
_h1328
650 1 4 _aAgua
_xAlmacenamiento.
_92279
650 1 4 _aEscurrimiento.
_937675
650 1 4 _aLluvia
_xEfecto en agricultura.
_967320
901 _aBK
942 _cTESIS
949 _bBC
_cTES
_d-124386
_eTS1
_h17749
_i57103
_si
999 _c51981
_d51981